=LDR 00000nam 2200000 4500 =001 INLIS000000000027974 =005 20251022124349 =035 ##$$a 0010-061300000027974 =008 251022###########################0#ind## =041 ##$$a Ind =082 ##$$a 028.55 =090 ##$$a 028.55, Pis m =100 ##$$a AGUS, Pusiro =245 1#$$a Menghitung pertolongan, Agus Pisaro /$c Agus Pisaro =260 ##$$a 2006 :$b Jakarta =300 ##$$a 24 hlm, ilus, 21 cm : $b ilus ; $c 14 x 21 cm =650 #4$$a Bacaan anak-anak =850 ##$$a NBPNMAT =020 ##$$a 979-3414-27-8 =084 ##$$a 028.55 AGU m =990 ##$$a 00053426 =990 ##$$a 00053426